[Event "Rhein Main op-A 15th"]
[Site "Bad Homburg"]
[Date "2012.06.06"]
[Round "1"]
[White "Kolker, Vladislav"]
[Black "Paoli, Heiko"]
[Result "1/2-1/2"]
[WhiteElo "2059"]
[BlackElo "1796"]
[PlyCount "48"]
[EventDate "2012.06.06"]
[EventType "swiss"]
[EventRounds "7"]
[EventCountry "GER"]
[SourceTitle "EXT 2013"]
[Source "ChessBase"]
[SourceDate "2012.11.22"]
[SourceVersion "1"]
[SourceVersionDate "2012.11.22"]
[SourceQuality "1"]

1. e4 c6 2. Nf3 d5 3. exd5 cxd5 4. Ne5 Nc6 5. d4 Nf6 6. c3 Bf5 7. g4 Nxe5 8. dxe5 Nxg4 9. Bb5+ Bd7 10. Qxd5 Bxb5 11. Qxb5+ Qd7 12. Qxd7+ Kxd7 13. Bf4 f6 14. Nd2 g5 15. Bg3 Bg7 16. Nf3 h6 17. 0-0-0+ Ke6 18. Nd4+ Kf7 19. Nf5 Nxe5 20. Bxe5 fxe5 21. Nxg7 Kxg7 22. Rd7 Rhf8 23. Rf1 Rab8 24. Rxe7+ Kf6 1/2-1/2

[Event "Rhein Main op-A 14th"]
[Site "Bad Homburg"]
[Date "2011.06.24"]
[Round "4"]
[White "Weil, Michael"]
[Black "Paoli, Heiko"]
[Result "1-0"]
[WhiteElo "2097"]
[BlackElo "1757"]
[PlyCount "133"]
[EventDate "2011.06.22"]
[EventType "swiss"]
[EventRounds "7"]
[EventCountry "GER"]
[SourceTitle "EXT 2012"]
[Source "ChessBase"]
[SourceDate "2011.11.24"]
[SourceVersion "1"]
[SourceVersionDate "2011.11.24"]
[SourceQuality "1"]

1. d4 Nf6 2. Nf3 g6 3. Bg5 Bg7 4. c3 0-0 5. Qc1 Re8 6. Bh6 Bh8 7. h4 d6 8. h5 e5 9. hxg6 fxg6 10. dxe5 dxe5 11. Ng5 Nbd7 12. e4 Nb6 13. Qc2 Qe7 14. Be2 Bg7 15. Bxg7 Kxg7 16. Nd2 Nh5 17. Ngf3 Nf4 18. Bf1 Bg4 19. 0-0-0 Rad8 20. g3 Ne6 21. Bh3 Bxf3 22. Nxf3 Ng5 23. Nxg5 Qxg5+ 24. Kb1 Nc4 25. Qe2 b5 26. Bd7 Rf8 27. Bxb5 Nd6 28. Ba4 Qf6 29. Qe3 g5 30. Bb3 Qg6 31. Bd5 Nc8 32. Rd2 Nb6 33. Kc1 c6 34. Bb3 Rxd2 35. Kxd2 h6 36. Kc1 Qf6 37. Rf1 Kg6 38. a4 Rb8 39. Rd1 Rf8 40. Rd2 Rd8 41. Rxd8 Qxd8 42. Qc5 Qf6 43. a5 Nc8 44. g4 h5 45. gxh5+ Kxh5 46. Bd1+ g4 47. Kd2 Kg5 48. Qe3+ Qf4 49. Kd3 Nd6 50. b3 c5 51. Bc2 Kf6 52. Ke2 Kg5 53. Qxc5 Qf3+ 54. Ke1 Qh1+ 55. Kd2 Nxe4+ 56. Bxe4 Qxe4 57. Qxa7 Qd5+ 58. Kc2 Qe4+ 59. Kb2 Qe2+ 60. Ka3 Kf4 61. a6 Qb5 62. Qe3+ Kf5 63. a7 Qa5+ 64. Kb2 Qa6 65. b4 Qa4 66. Qd3+ Kg5 67. Qd8+ 1-0

[Event "Rhein Main op-A 14th"]
[Site "Bad Homburg"]
[Date "2011.06.23"]
[Round "2"]
[White "Smit, Josip"]
[Black "Paoli, Heiko"]
[Result "1/2-1/2"]
[WhiteElo "2099"]
[BlackElo "1757"]
[PlyCount "66"]
[EventDate "2011.06.22"]
[EventType "swiss"]
[EventRounds "7"]
[EventCountry "GER"]
[SourceTitle "EXT 2012"]
[Source "ChessBase"]
[SourceDate "2011.11.24"]
[SourceVersion "1"]
[SourceVersionDate "2011.11.24"]
[SourceQuality "1"]

1. e4 c6 2. c4 d5 3. exd5 cxd5 4. cxd5 Nf6 5. Qa4+ Bd7 6. Qb3 Qc7 7. Nc3 g6 8. Bc4 Qb6 9. Qxb6 axb6 10. d3 Na6 11. Be3 b5 12. Nxb5 Nxd5 13. Bxd5 Bxb5 14. Bxb7 Rb8 15. Bxa6 Bxa6 16. 0-0-0 Bg7 17. d4 0-0 18. Nf3 Bb7 19. Rd3 Bd5 20. b3 Rfc8+ 21. Kb2 e5 22. Nxe5 Bxg2 23. Rc1 Re8 24. Rc5 Bf8 25. Nd7 Bxc5 26. Nxb8 Bb4 27. Nd7 Kg7 28. a3 Be4 29. Rd1 Bd6 30. Ne5 Ra8 31. b4 f6 32. Nd3 Bxh2 33. Nc5 Bd5 1/2-1/2

[Event "Rhein Main op-A 14th"]
[Site "Bad Homburg"]
[Date "2011.06.22"]
[Round "1"]
[White "Paoli, Heiko"]
[Black "Lehnert, Michael"]
[Result "1-0"]
[WhiteElo "1757"]
[BlackElo "2048"]
[PlyCount "77"]
[EventDate "2011.06.22"]
[EventType "swiss"]
[EventRounds "7"]
[EventCountry "GER"]
[SourceTitle "EXT 2012"]
[Source "ChessBase"]
[SourceDate "2011.11.24"]
[SourceVersion "1"]
[SourceVersionDate "2011.11.24"]
[SourceQuality "1"]

1. d4 f5 2. g3 Nf6 3. Bg2 e6 4. Nf3 Be7 5. 0-0 0-0 6. c4 d6 7. Nc3 Nbd7 8. Qb3 Nb6 9. Ng5 d5 10. cxd5 exd5 11. e4 fxe4 12. Ngxe4 c6 13. Bf4 Nc4 14. Nc5 Nh5 15. Be3 Nxe3 16. fxe3 Bxc5 17. dxc5 Rxf1+ 18. Rxf1 Qe7 19. Nxd5 cxd5 20. Qxd5+ Be6 21. Qxh5 Rd8 22. Qe5 Re8 23. a3 Qd7 24. Qd6 Qb5 25. Bd5 Bxd5 26. Qxd5+ Kh8 27. b4 Qe2 28. Qf3 Qxf3 29. Rxf3 Kg8 30. Kf2 Rd8 31. Ke2 Rd7 32. e4 Rd4 33. Ke3 Rd1 34. e5 g5 35. Ke4 Rh1 36. Kf5 Rxh2 37. Kxg5 Re2 38. Kf6 Kf8 39. Ke6+ 1-0